Biggest African cities in 10° rectangles, on an empty map - Statistics

General Stats
  • This quiz has been taken 40 times
    22 since last reset
  • The average score is 28 of 44
Answers on the Map
Answers color-coded by a green-red scale on the quiz's map according to % correct below.
 
Answer Stats
Answer % Correct
22.5 M Cairo
100%
20.7 M Lagos
100%
5.45 M Bamako
95%
4.97 M Cape Town
95%
3.92 M Dakar
95%
7.05 M Khartoum
95%
15.6 M Kinshasa
95%
2.17 M Mogadishu
95%
6.70 M Nairobi
95%
2.70 M Tunis
95%
486 k Windhoek
95%
6.80 M Abidjan
90%
6.20 M Alexandria
90%
4.25 M Algiers
90%
4.77 M Casablanca
90%
3.85 M Durban
90%
14.6 M Johannesburg
90%
1.88 M N'Djamena
86%
3.82 M Yaoundé
86%
4.72 M Addis Ababa
81%
3.05 M Antananarivo
81%
2.87 M Conakry
81%
2.62 M Harare
81%
5.20 M Kano
81%
137 k Praia
76%
1.19 M Port Elizabeth
71%
29.6 k Victoria
71%
2.75 M Lubumbashi
67%
2.42 M Mbuji-Mayi
48%
1.26 M Kisangani
38%
492 k Nyala
33%
553 k Las Palmas
29%
191 k Saint-Denis
29%
1.39 M Benguela
24%
121 k Sabha
24%
81.7 k Tamanrasset
24%
34.3 k Al Jawf
19%
105 k Funchal
19%
136 k Port-Gentil
19%
68.2 k Adrar
14%
191 k Fianarantsoa
14%
358 k Kismayo
14%
37.0 k Port Shepstone
14%
84.0 k Sambava
10%
No matching quizzes found
Score Distribution
Percent of People with Each Score
Percentile by Number Answered
Your Score History
You have not taken this quiz since the last reset